00251nam a22000977a 450000500170000000800410001704000070005804100080006524500710007326000090014420230721170555.0230721b ||||| |||| 00| 0 eng d cAL aeng aStudy on suicide based on the perception of victims family members c2003